tunisian immigrants per country - Statistics

General Stats
  • This quiz has been taken 166 times
  • The average score is 11 of 15
Answer Stats
immigrants country % Correct
1 100 000 france
99%
21 420 algeria
95%
99 002 italy
95%
94 536 germany
87%
16 654 usa
81%
30 465 canada
80%
83 633 libya
79%
21 086 saudi arabia
77%
17 750 qatar
72%
39 238 uae
70%
20 000 turkey
69%
24 000 belgium
64%
18 847 switzerland
60%
9 231 netherlands
57%
9 474 sweden
55%
No matching quizzes found
Score Distribution
Percent of People with Each Score
Percentile by Number Answered
Your Score History
You have not taken this quiz